Bürokrasi ve insan Hakları (Record no. 3824)

MARC details
000 -BAŞLIK
Sabit Uzunlukta Kontrol Alanı 01048na a2200277 4500
001 - KONTROL NUMARASI
Denetim Alanı 15715
003 - KONTROL NUMARASI IDENTIFIER
Denetim Alanı MIRAKIL
005 - SON İŞLEM TARİHİ VE ZAMANI
Denetim Alanı 20181213154944.0
008 - SABİT-BOY VERİ ELEMANLARI - GENEL BİLGİLER
Sabit Uzunlukta Kontrol Alanı 160922b tu 000 0
020 ## - ULUSLARARASI STANDART KİTAP NUMARASI
Uluslararası Standart Kitap Numarası 9789756037935
035 ## - SİSTEM KONTROL NUMARASI
Sistem Kontrol Numarası 15715
040 ## - KATALOGLAMA KAYNAK
Orijinal Kataloglama Ajansı Milas
Kataloglama Dili tur
Metne Dönüştürmek Ajansı TR-AnCHP
082 ## - DEWEY ONLU SINIFLANDIRMA NUMARASI
Sınıflandırma Numarası 323
Ürün Numarası B96b 2007
090 ## - SINIFLAMA NUMARASI
Sınıflama Numarası 323 B96b 2007
111 ## - ANA GİRİŞ - TOPLANTI ADI
Giriş Elemanı Olarak Toplantı Adı Veya Yargı Alanı Adı Bürokrasi ve İnsan Hakları
Toplantının Yeri Ankara
Toplantı Veya Antlaşma İmzalandığı Tarihi 2006
245 ## - BAŞLIK TABLOSU
Başlık Bürokrasi ve insan Hakları
Başlığın Kalan 10 aralık 2006
Sorumluluk Tablosu, Vb Türkiye Barolar Birliği
260 ## - YAYIN, DAĞITIM, VB
Yayın, Dağıtım, Vb Yeri Ankara
Yayıncı, Dağıtıcı, Vs Adı Türkiye Barolar Birliği
Yayın, Dağıtım, Vb Tarihi 2007
300 ## - FİZİKSEL TANIM
Kapsam vii, 124 s.
Boyutlar 24 sm.
490 ## - SERİSİ TABLOSU
Seri Beyanı Türkiye Barolar Birliği yayınları
Hacim / Ardışık Tanımı 121
500 ## - GENEL NOT
Genel Not Türkiye Barolar Birliği İnsan Hakları Merkezi tarafından Dünya İnsan Hakları Günü dolayısıyla düzenlediği açık oturum
650 ## - KONU KATMA GİRİŞ - TOPİKAL DÖNEM
Topikal Süreli Veya Coğrafi Ad Giriş Elemanı Bürokrasi
Genel Alt Bölümü İnsan hakları
Kronolojik Alt Bölümü Toplantılar
Coğrafi Alt Bölümü Türkiye
650 ## - KONU KATMA GİRİŞ - TOPİKAL DÖNEM
Topikal Süreli Veya Coğrafi Ad Giriş Elemanı Bürokrasi
Genel Alt Bölümü Hak ve özgürlükler
Kronolojik Alt Bölümü Toplantılar
Coğrafi Alt Bölümü Türkiye
650 ## - KONU KATMA GİRİŞ - TOPİKAL DÖNEM
Topikal Süreli Veya Coğrafi Ad Giriş Elemanı Bürokrasi
Genel Alt Bölümü Medeni haklar
Kronolojik Alt Bölümü Toplantılar
Coğrafi Alt Bölümü Türkiye
710 ## - KATMA GİRİŞ - KURUMSAL ADI
Giriş Elemanı Olarak Kurumsal Ad Veya Yargı Alanı Adı Türkiye Barolar Birliği
942 ## - EKLENDİ GİRİŞ ELEMANLARI (KOHA)
Sınıflandırma Veya Raf Düzeni Kaynak Dewey Decimal Classification
Koha Öğesi Türü Books
999 ## - SİSTEM KONTROL NUMARALARI (KOHA)
Koha Biblionumber 3824
Koha Biblioitemnumber 3824
Holdings
Kalıcı Konum Mevcut Konum Edinme Tarihi Edinim Kaynak Toplam Check-Out'Lar Tam Çağrı Numarası Barkod Tarih Son Görülme İtibaren Geçerli Fiyatlar Koha Öğesi Türü
CHP Kütüphanesi CHP Kütüphanesi 09/22/2016 Bağış   323 B96b 2007 003987 09/22/2016 09/22/2016 Books